000 00604nam a2200241Ia 4500
005 20260306150923.0
008 008 260114s9999 xx 000 0 eng d
020 _a9783968690339
037 _aEbook
040 _aCRL
040 _beng
040 _cCRL
041 _2eng
041 _aeng
084 _qCRL
245 0 _aPoesías completas de José María Heredia. Edición crítica
260 _bVervuert Verlagsgesellschaft
260 _c2020
650 _aLiterary Studies
856 _uhttps://www.degruyter.com/isbn/9783968690339
942 _cEBOOK
999 _c1700751
_d1700751